| 000 | 00716nam a22002297a 4500 | ||
|---|---|---|---|
| 005 | 20170124105943.0 | ||
| 010 | _a566308 | ||
| 020 | _c25.00 | ||
| 035 | _a566308 | ||
| 037 | _bCen Lib/Ret | ||
| 040 |
_aDPL _bEN |
||
| 082 |
_a250.91 _bBAR |
||
| 100 |
_aBarua,Dipak Kumar _911809 |
||
| 245 |
_aViharas in ancient India : _cby Dipak Kumar Barua _ba survey of buddhist monasteries / |
||
| 260 |
_aCalcutta _bIndian publications _c1969 |
||
| 270 |
_a3, British Indian street _bCalcutta |
||
| 300 |
_a248p. _c20cm(Hb) |
||
| 500 | _aincludes bibliographical reference and index | ||
| 650 |
_aBuddhism _91068 |
||
| 650 |
_aBuddhist monasteries _zIndia _911810 |
||
| 942 |
_2ddc _cEN _h250.91 _mBAR |
||
| 999 |
_c124746 _d124746 |
||